000 00522nmm a2200169Ia 4500
008 251105s9999||||xx |||||||||||||||||und||
020 _a9788497426572
041 _aspa
100 _aSegovia, Carlos A. (ed.)
245 0 _aEl Corán :
_b Religión, hombre y sociedad. Antología temática
264 _a[Madrid, España] :
_bBiblioteca Nueva,
_c2007
300 _a296 páginas
490 _aClásicos del pensamiento
650 _aReligion(s)
856 _uhttps://public.digitaliapublishing.com/a/6255
942 _cCF
999 _c90325
_d90325